000 01276cab a2200265 4500
001 WB3521-02
008 090401t1999 xxu||||| |||| 00| 0 eng d
035 _a(Sirsi) u93740
041 _aeng
245 _aDisputes review boards
260 _c1999
350 _a0
490 _aBuilding
_v264(8089) 28 May 1999, 61(1)
520 _aDisputes review boards which are often used for international construction disputes could provide an alternative to adjudicators in domestic contract disputes. DRB recommendations tend to be quicker, cheaper and more conclusive than traditional methods of dispute resolution.
650 _aMANAGEMENT-DISPUTE AVOIDANCE, MANAGEMENT AND RESOLUTION-DISPUTE MANAGEMENT AND RESOLUTION-ALTERNATIVE DISPUTE RESOLUTION-ADJUDICATION
650 _aMANAGEMENT-DISPUTE AVOIDANCE, MANAGEMENT AND RESOLUTION-DISPUTE MANAGEMENT AND RESOLUTION-ALTERNATIVE DISPUTE RESOLUTION-ADJUDICATION-ADJUDICATORS
650 _aCONSTRUCTION DISPUTES
650 _aCONTRACT DISPUTES
650 _aDISPUTE RESOLUTION
_96236
650 _aDISPUTE REVIEW BOARDS
650 _aINTERNATIONAL CONSTRUCTION
690 _aMANAGEMENT-DISPUTE AVOIDANCE, MANAGEMENT AND RESOLUTION-DISPUTE MANAGEMENT AND RESOLUTION-ARBITRATION
942 _n0
948 _c03/06/1999
999 _c59418
_d59418